|
|
|
|
| LEADER |
00000cam a22000004a 4500 |
| 001 |
musev2_74911 |
| 003 |
MdBmJHUP |
| 005 |
20230905051745.0 |
| 006 |
m o d |
| 007 |
cr||||||||nn|n |
| 008 |
200421t20202020gau o 00 0 eng d |
| 020 |
|
|
|a 9781946527349
|
| 020 |
|
|
|z 9781946527431
|
| 035 |
|
|
|a (OCoLC)1152066245
|
| 040 |
|
|
|a MdBmJHUP
|c MdBmJHUP
|
| 100 |
1 |
|
|a Bowler, Maurice Gerald,
|e author.
|
| 245 |
1 |
0 |
|a Claude Montefiore and Christianity /
|c by Maurice Gerald Bowler ; Michael L. Satlow, managing editor.
|
| 250 |
|
|
|a Open Access edition
|
| 264 |
|
1 |
|a Atlanta, Georgia :
|b Scholars Press,
|c [2020]
|
| 264 |
|
3 |
|a Baltimore, Md. :
|b Project MUSE,
|c 2020
|
| 264 |
|
4 |
|c ©[2020]
|
| 300 |
|
|
|a 1 online resource.
|
| 336 |
|
|
|a text
|b txt
|2 rdacontent
|
| 337 |
|
|
|a computer
|b c
|2 rdamedia
|
| 338 |
|
|
|a online resource
|b cr
|2 rdacarrier
|
| 490 |
0 |
|
|a Brown Judaic studies ;
|v number 157
|
| 500 |
|
|
|a "Licensed under a Creative Commons Attribution-NonCommercial-No Derivatives 4.0 International License."--T.p. verso
|
| 500 |
|
|
|a "Open access edition funded by the National Endowment for the Humanities/Andrew W. Mellon Foundation Humanities Open Book Program."--T.p. verso
|
| 500 |
|
|
|a "This edition incorporates typographical corrections of the original text."--Publishers' preface
|
| 506 |
0 |
|
|a Open Access
|f Unrestricted online access
|2 star
|
| 520 |
|
|
|a Summary note
|
| 588 |
|
|
|a Description based on print version record.
|
| 600 |
1 |
7 |
|a Montefiore, C. G.
|q (Claude Goldsmid),
|d 1858-1938.
|2 fast
|0 (OCoLC)fst00042726
|
| 600 |
1 |
0 |
|a Montefiore, C. G.
|q (Claude Goldsmid),
|d 1858-1938.
|
| 650 |
|
7 |
|a Reform Judaism.
|2 fast
|0 (OCoLC)fst01092545
|
| 650 |
|
7 |
|a Judaism.
|2 fast
|0 (OCoLC)fst00984280
|
| 650 |
|
7 |
|a Interfaith relations.
|2 fast
|0 (OCoLC)fst01353343
|
| 650 |
|
7 |
|a Christianity.
|2 fast
|0 (OCoLC)fst00859599
|
| 650 |
|
6 |
|a Judaïsme
|x Relations
|x Christianisme.
|
| 650 |
|
6 |
|a Christianisme
|x Relations
|x Judaïsme.
|
| 650 |
|
6 |
|a Judaïsme reforme
|z Grande-Bretagne.
|
| 650 |
|
0 |
|a Judaism
|x Relations
|x Christianity.
|
| 650 |
|
0 |
|a Christianity and other religions
|x Judaism.
|
| 650 |
|
0 |
|a Reform Judaism
|z Great Britain.
|
| 651 |
|
7 |
|a Great Britain.
|2 fast
|0 (OCoLC)fst01204623
|
| 655 |
|
7 |
|a Livres numeriques.
|2 rvmgf
|
| 655 |
|
7 |
|a e-books.
|2 aat
|
| 655 |
|
7 |
|a Electronic books.
|2 local
|
| 700 |
1 |
|
|a Satlow, Michael L.,
|e editorial director.
|
| 710 |
2 |
|
|a Andrew W. Mellon Foundation,
|e sponsoring body.
|
| 710 |
2 |
|
|a National Endowment for the Humanities,
|e sponsoring body.
|
| 710 |
2 |
|
|a Brown University.
|b Program in Judaic Studies,
|e publisher.
|
| 710 |
2 |
|
|a Project Muse.
|e distributor
|
| 830 |
|
0 |
|a Book collections on Project MUSE.
|
| 856 |
4 |
0 |
|z Texto completo
|u https://projectmuse.uam.elogim.com/book/74911/
|